000 00243nam a2200085Ia 4500
008 211105s9999 xx 000 0 und d
020 _a"
100 _aERICKSON, Karen ; ROFFEY, Maureen ** Sandton, 1988
_9124085
245 0 _aOngelukkies en glipsies
999 _c592003
_d592002